Responses for Show #3462 - Tuesday, September 28, 1999

Steve Fried game 2.

Contestants

[<< previous game]

Pam Byers, a homemaker from Doylestown, Pennsylvania

Lyle Hertzig, a computer materials manager from Los Gatos, California

Steve Fried, an airline and cruise scheduler from Phoenix, Arizona (whose 1-day cash winnings total $9,800)

[next game >>]

Jeopardy! Round responses

STATE CAPITAL NICKNAMES
APPROXIMATE WEIGHTS & MEASURES
THAT'S LUNCH!
ROCK & ROLL JEOPARDY!
FLAKES
COCKNEY RHYMING SLANG
    $100 5
Boston

Steve
    $100 22
Jumbo

Pam
    $100 1
bats

Steve
    $100 4
Elvis Presley

Steve
    $100 10
snowflakes

Pam
    $100 15
sleep

Steve
    $200 6
(Lyle: What is Detroit?)

Nashville

LylePam
    $200 27
a pinch

Steve
    $200 2
termites

Pam
    $200 16
Thriller

Steve
    $200 11
coconut

Pam
    $200 23
knees

Pam
    $300 7
Austin

Pam
    $300 28
a handful

Steve
    $300 3
bamboo

Lyle
    $300 17
Madonna

Pam
    $300 12
The Last Supper

Steve
    $300 24
bread

Lyle
    $400 8
Providence

Pam
    $400 29
tufts

Steve
    $400 13
an octopus

Pam
    $400 18
Lilith Fair

Steve
    $400 20
W.K. Kellogg

Lyle
    $400 25
right

Pam
    $500 9
Dover, Delaware

Pam
    $500 30
a jug

Lyle
    $500 14
wildebeests

Lyle
    $500 19
"I Will Survive"

Steve
    $500 21
onion

Steve
    $500 26
(Lyle: I don't know.)
(Steve: What are tears?)

flowers

SteveLyle
Triple Stumper

Scores at the first commercial break (after clue 15):

Steve Lyle Pam
$700 $600 $2,300

Scores at the end of the Jeopardy! Round:

Steve Lyle Pam
$2,700 $1,300 $3,300

Double Jeopardy! Round responses

WORLD HISTORY
'70S TV
LESSER-KNOWN COMPOSERS
TRAVEL IRELAND
AUTOBIOGRAPHERS
QUOTATIONS FROM HELL
    $200 1
the caste system

Lyle
    $200 16
Flip Wilson

Steve
    $200 6
Straus

Pam
    $200 7
the Blarney Stone

Pam
    $200 10
Bo Jackson

Pam
    $200 24
"War is hell"

Lyle
    $400 2
Vasco da Gama

Lyle
    $400 17
Monday Night Football

Steve
    $400 12
(Steve: What are Christmas carols?)

madrigals

Steve
Triple Stumper
    $400 8
Molly Malone

Triple Stumper
    $400 11
Mae West

Steve
    $400 25
"I'm mad as hell"

Steve
    $600 3
Frederick the Great

Lyle
    $600 18
The Jeffersons

Pam
    $1,500 13
Antonio Salieri

Steve
    $600 9
Kerry Blue terriers

Triple Stumper
    $600 21
Shirley Temple Black

Steve
    $600 26
good intentions

Lyle
    $800 4
Hugh Capet

Lyle
    $800 19
Firing Line

Steve
    $800 14
the harp

Pam
    $800 22
(Lyle: Who is Richard Daley?)

Ed Koch

SteveLyle
    $800 27
the gates of hell

Lyle
    $1000 5
the Hittites

Lyle
    $1000 20
Eight Is Enough

Steve
    $1000 15
Metamorphoses

Lyle
    $1000 23
Julia Phillips

Triple Stumper
    $1,000 28
(Alex: Lyle, anything?)
(Lyle: No.)
[The end-of-round signal sounds.]

reign in hell

Lyle

Scores at the end of the Double Jeopardy! Round:

Steve Lyle Pam
$8,400 $5,100 $5,300

[wagering suggestions for these scores]

Final Jeopardy! Round responses

FAMOUS NAMES
(Alex: From the song "Mrs. Robinson"--"Where have you gone...")
LyleWho is John Len
$3,300
PamWho is Doubleday?
$4,000
SteveWho is Elvis Presley
$2,300
Joe DiMaggio

Final scores:

Steve Lyle Pam
$6,100 $1,800 $1,300
2-day champion: $15,900 2nd place: Trip to Regal East Asia International Hotel, Shanghai, China 3rd place: Kathy Ireland Fitness Equipment

Game dynamics:

Coryat scores:

Steve Lyle Pam
$7,500 $6,100 $5,300
21 R
(including 1 DD),
2 W
14 R,
4 W
(including 1 DD)
17 R
(including 1 DD),
0 W

Combined Coryat: $18,900

[game clues] [game scores] [suggest correction]

Game tape date: 1999-07-21
The J! Archive is created by fans, for fans. Scraping, republication, monetization, and malicious use prohibited; this site may use cookies and collect identifying information. See terms. The Jeopardy! game show and all elements thereof, including but not limited to copyright and trademark thereto, are the property of Jeopardy Productions, Inc. and are protected under law. This website is not affiliated with, sponsored by, or operated by Jeopardy Productions, Inc. Join the discussion at JBoard.tv.